Movies Quiz

Random Movies or Color Quiz

Top 10 Baddys Quiz Stats

 Plays Quiz not verified by Sporcle

Challenge
Share
Tweet
Embed
Score 0/10 Timer 10:00
0 Plays Today
Movie Baddy % Correct
Star WarsDarthVader
95%
Harry PotterVoldemort
80%
Harry PotterDraco
50%
Pirates Of The CaribbeanCaptain Barbossa
35%
Star WarsBoba Fett
12.5%
RangoRattlesnake Jake
5%
Harry PotterFenrir Greyback
2.5%
Lego Adventures of Clutch PowersBones
2.5%
Star WarsJango
2.5%
Indiana JonesDr. Spalko
2.5%

You're not logged in!

Compare scores with friends on all Sporcle quizzes.
OR
Log In

You Might Also Like...

Show Comments

Extras

Created Sep 2, 2011ReportNominate
Tags:Color Quiz, hair, Top 10

Top Quizzes Today


Score Distribution

Your Account Isn't Verified!

In order to create a playlist on Sporcle, you need to verify the email address you used during registration. Go to your Sporcle Settings to finish the process.

Report this User

Report this user for behavior that violates our Community Guidelines.

Details: